00316 2200133 4500001002100000005001500021035002000036245005000056100001800106300000700124260003100131082000800162990001200170INLIS00000000000212320250527111531 a0010-05250004151 aGo Nunic Bersama Aristoteles /cPaul Stratern0 aPaul Stratern a77 aJakarta :bErlangga,c2001 a813 a0712685